000 01032cab a2200277 4500
001 ABS59940
008 090401t1999 xxu||||| |||| 00| 0 eng d
035 _a(Sirsi) u90802
041 _aeng
100 _aBailey, J.
245 _aCompensation where part of the land is taken
260 _c1999
350 _a0
490 _aThe Valuer
_v68(1) January/February 1999, 24-25(2)
520 _aLooks at questions which a surveyor may have to answer when acting for a client in a compulsory purchase case where the acquiring authority only want to purchase part of a property. Ends with a breakdown of elements of a compensation claim.
650 _aCOMPENSATION CLAIMS
650 _aCOMPENSATION
650 _aCompulsory purchase
_96228
650 _aINJURIOUS AFFECTION
650 _aLAND COMPENSATION ACT 1973
650 _aSEVERANCE
650 _aVALUATION BASIS
690 _aENVIRONMENTAL AND LAND CONSULTANCY-PLANNING AND DEVELOPMENT-COMPULSORY PURCHASE AND COMPENSATION
942 _n0
948 _c20/01/1999
999 _c57595
_d57595